000 00346nam a22001457a 4500
003 OSt
005 20160727222420.0
008 160627b xxu||||| |||| 00| 0 eng d
040 _cTEST
100 _91246
_aDorling Kindersley Ltd
245 _aMultimedia
260 _aNEW YORK
_bOORLING KINDESILY
_c1998
300 _aMultimedia
942 _2ddc
_cBK
999 _c1020
_d1020